|
|
|
|
| LEADER |
01251nam a22003372a 4500 |
| 001 |
001736368 |
| 003 |
CZ BrMZK |
| 005 |
20200318175636.0 |
| 007 |
ta |
| 008 |
200318s1928 xr er|||||||||||cze d |
| 015 |
|
|
|a cnb000538972
|
| 020 |
|
|
|q (Brož.)
|
| 035 |
|
|
|a (OCoLC)85287037
|
| 040 |
|
|
|a ABA001
|b cze
|c ULG001
|d ABA001
|
| 041 |
1 |
|
|a cze
|h grc
|
| 100 |
0 |
|
|a Héródas,
|d činný 3. století př. Kr.
|7 jn19981001511
|4 aut
|
| 245 |
1 |
0 |
|a Mimiamby /
|c Herondas ; [přeložil Rudolf Kuthan]
|
| 260 |
|
|
|a V Praze :
|b Václav Petr,
|c 1928
|e (Vyškov :
|f F. Obzina)
|
| 300 |
|
|
|a 58 s. ;
|c 21 cm
|
| 490 |
1 |
|
|a Libri amorum ;
|v sv. 5
|
| 500 |
|
|
|a Bibliofilie
|
| 500 |
|
|
|a 500 čísl. výt., 30 na ručním papíru
|
| 500 |
|
|
|a Přeloženo z řečtiny
|
| 655 |
|
7 |
|a bibliofilie
|7 fd131893
|2 czenas
|
| 700 |
1 |
|
|a Kuthan, Rudolf,
|d 1886-1966
|7 jk01071086
|4 trl
|
| 830 |
|
0 |
|a Libri amorum
|0 s
|
| 910 |
|
|
|a BOA001
|b Bf1-0295.858
|
| 990 |
|
|
|a BK
|
| 991 |
|
|
|b 202003
|
| 996 |
6 |
|
|b 2618831565
|c Bf1-0295.858
|l Stud. starých tisků/4.patro
|r Sklad / do násl. otevíracího dne
|n 0
|w 001788524
|u 000020
|a 1
|e BOA001
|j MZK50
|s P
|
| 996 |
6 |
|
|b 2618831566
|c Bf1-0295.858
|l Stud. starých tisků/4.patro
|r Sklad / do násl. otevíracího dne
|n 0
|w 001788524
|u 000010
|a 1
|e BOA001
|j MZK50
|s P
|